[Event "Beersheba-Peterburg Kings m"]
[Site "St Petersburg"]
[Date "1999.06.13"]
[Round "8"]
[White "Khalifman, Alexander"]
[Black "Tseitlin, Mark D"]
[Result "1-0"]
[WhiteElo "2616"]
[BlackElo "2490"]
[Annotator "Krasenkow,M"]
[PlyCount "79"]
[EventDate "1999.06.??"]
[EventType "schev"]
[EventRounds "10"]
[EventCountry "RUS"]
[SourceTitle "CBM 072"]
[Source "ChessBase"]
[SourceDate "1999.10.01"]
[SourceVersion "1"]
[SourceVersionDate "1999.10.01"]
[SourceQuality "1"]

1. d4 Nf6 2. c4 g6 3. Nc3 d5 4. Nf3 Bg7 5. cxd5 Nxd5 6. e4 Nxc3 7. bxc3 c5 8.
Rb1 O-O 9. Be2 Nc6 10. d5 Ne5 11. Nxe5 Bxe5 12. Qd2 e6 13. f4 Bc7 14. O-O exd5
15. exd5 Ba5 16. d6 $1 b6 17. Bf3 Bf5 18. Bxa8 Bxb1 19. Bc6 $1 Bf5 $1 {This
variation is discussed in detail in CBM71. Black is trying to improve his play
comparing to the previous games.} (19... Qf6 20. Bb2 Bxa2 21. c4 $1 Bxd2 (21...
Qe6 22. f5 $3 Bxd2 23. fxe6 fxe6 24. Rxf8+ Kxf8 25. Bf6 $18 {1-0 Schandorff,
L-Borge,N/DEN-ch 1999 (54) - CBM71}) 22. Bxf6 Bxc4 23. Rf3 $1 Be6 24. d7 Bxd7
25. Bxd7 a6 26. Kf1 b5 27. Ke2 Ba5 28. Ra3 Bd8 29. Be5 Be7 30. Rxa6 $18 {
1-0 Van Wely,L-Van der Werf,M/KNSB 9899 1999 (37) - CBM70}) 20. Re1 Qf6 21. Bb2
Rd8 (21... Qd4+ 22. cxd4 Bxd2 23. Re7 (23. Re2 Bxf4 24. d7 $1 (24. dxc5 bxc5
25. d7 Be6 26. Bf6 Bc7 27. Be7 c4 28. Bxf8 Kxf8 {and White can't win}) 24...
cxd4 25. Bxd4 Be6 26. Bf6 Bc7 27. Be7 Rb8 28. Rd2 Bd8 29. Bd6 $18) 23... Bxf4
24. dxc5 bxc5 25. d7 $18) 22. Re8+ Rxe8 23. Bxe8 {[%csl Ra5,Gd6]} c4 (23... a6
$142 {-see Khalifman-Mikhalevsky}) 24. Bb5 Qd8 {Black gives up a pawn to
liberate his bishop.} 25. Bxc4 b5 26. Bb3 Bb6+ 27. Kh1 Qe8 28. Bd5 $2 (28. c4
$1 {[%cal Ra1h8] was necessary to activate White's bishop. Now Black's pieces
become active and White finds it difficult to realize his extra pawn.}) 28...
Be4 $1 29. Bxe4 (29. c4 {was still possible but after} Bxd5 30. cxd5 Qe4 (30...
Qc8 31. Qe2 $18) 31. h3 Kf8 {White has little chances to win.}) 29... Qxe4 30.
d7 Qb1+ 31. Bc1 Kg7 32. h3 h5 33. Kh2 Kh7 34. Kg3 {White wants to reach the
time control and then look for an active plan.} Qe4 35. Kh2 Qb1 36. Qd1 Bc7 37.
Qe1 $6 Bb6 $6 (37... Qd3 $2 38. Qe7 Kg7 39. Be3 Qxc3 40. Bxa7 Bxf4+ 41. Kh1 $18
) (37... Qxa2 $1 38. Qe7 Qd5 $11) 38. Qd2 Bc7 39. Ba3 Bb6 40. Bc1 {and Black
lost on time!! But the position is probably drawn!} 1-0

[Event "Beersheba-Peterburg Kings m"]
[Site "St Petersburg"]
[Date "1999.06.14"]
[Round "9"]
[White "Greenfeld, Alon"]
[Black "Khalifman, Alexander"]
[Result "1/2-1/2"]
[WhiteElo "2521"]
[BlackElo "2616"]
[Annotator "Huzman,A"]
[PlyCount "57"]
[EventDate "1999.06.??"]
[EventType "schev"]
[EventRounds "10"]
[EventCountry "RUS"]
[SourceTitle "CBM 072"]
[Source "ChessBase"]
[SourceDate "1999.10.01"]
[SourceVersion "1"]
[SourceVersionDate "1999.10.01"]
[SourceQuality "1"]

1. d4 Nf6 2. Nf3 g6 3. c4 Bg7 4. Nc3 O-O 5. e4 d6 6. Be2 e5 7. O-O Na6 8. Be3
Ng4 9. Bg5 Qe8 10. dxe5 dxe5 11. h3 h6 12. Bd2 Nf6 13. Be3 Qe7 14. Qc1 Kh7 (
14... Nc5 15. Bxh6 Ncxe4 16. Bxg7 Kxg7 17. Nxe4 Nxe4 18. Qe3 Nd6 19. Nxe5 Re8
20. Ng4 Bxg4 21. Qc3+ Qf6 22. Qxf6+ Kxf6 23. Bxg4 Nxc4 24. Rfc1 Ne5 25. Rxc7
$16 {1/2-1/2 Nosenko,A-Khomyakov,V/Alushta 1999/CBM 70_07 (56)}) 15. c5 (15.
Nd5 Qd8 16. Nxf6+ Qxf6 17. c5 Nb4 18. Rd1 a5 19. a3 Nc6 20. b4 axb4 21. axb4
Rxa1 22. Qxa1 Nxb4 23. Qa5 Nc2 24. Qxc7 Nxe3 25. fxe3 Qe6 26. Rd5 Qe8 $15 {
0-1 Brito,A-Smirin,I/Las Palmas 1997/EXT 99 (42)}) 15... Rd8 (15... b6 16. c6
Nb4 17. Bb5 a6 18. Ba4 Be6 19. Rd1 Rfd8 20. a3 Nd3 21. Qc2 Nc5 22. b4 Nxa4 23.
Nxa4 Nh5 $17 {0-1 Pavlov-Cherniaev,A/Arkhangelsk 1996/EXT 99 (40)}) 16. Bxa6
bxa6 17. c6 Qe8 18. Bc5 Be6 19. Nxe5 Nxe4 (19... Bxh3 $5 20. Nxf7 (20. f4 Be6)
20... Bxg2 21. Kxg2 Qxf7 $13) 20. Nxe4 Bxe5 21. Re1 Qh8 $1 (21... Qxc6 $6 22.
Ng5+ hxg5 23. Rxe5 $36 g4 $140 24. hxg4 Bxg4 25. Qf4 $40) 22. Ba3 Rd3 (22...
Rab8 23. Nc5 Rd6 (23... Bxb2 24. Bxb2 Qxb2 (24... Rxb2 25. Nxe6 fxe6 26. Rxe6
$36) 25. Nxe6 fxe6 26. Rxe6 $16) 24. Nb7 Rd3 $132) 23. Nc5 Rxa3 24. bxa3 (24.
Rxe5 Qxe5 25. bxa3 Rd8 $15) 24... Bxa1 (24... Bb2 $1 25. Qd1 (25. Qf4 Bxa1 26.
Nxe6 fxe6 27. Qxc7+ Bg7 (27... Qg7 $2 28. Qb7 $1 $11) 28. Rxe6) 25... Rd8 26.
Nd7 Bxd7 27. cxd7 Bxa1 $17) 25. Qxa1 Qxa1 26. Rxa1 Bd5 $11 27. Nxa6 Bxc6 28.
Rc1 Bd5 29. Rxc7 1/2-1/2

[Event "Beersheba-Peterburg Kings m"]
[Site "St Petersburg"]
[Date "1999.06.15"]
[Round "10"]
[White "Khalifman, Alexander"]
[Black "Mikhalevski, Victor"]
[Result "1-0"]
[WhiteElo "2616"]
[BlackElo "2531"]
[Annotator "Krasenkow,M"]
[PlyCount "89"]
[EventDate "1999.06.??"]
[EventType "schev"]
[EventRounds "10"]
[EventCountry "RUS"]
[SourceTitle "CBM 072"]
[Source "ChessBase"]
[SourceDate "1999.10.01"]
[SourceVersion "1"]
[SourceVersionDate "1999.10.01"]
[SourceQuality "1"]

1. Nf3 Nf6 2. c4 g6 3. Nc3 d5 4. cxd5 Nxd5 5. e4 Nxc3 6. bxc3 c5 7. d4 Bg7 8.
Rb1 O-O 9. Be2 Nc6 10. d5 Ne5 11. Nxe5 Bxe5 12. Qd2 e6 13. f4 Bc7 14. O-O exd5
15. exd5 Ba5 16. d6 b6 17. Bf3 Bf5 18. Bxa8 Bxb1 19. Bc6 Bf5 20. Re1 Qf6 21.
Bb2 Rd8 22. Re8+ Rxe8 23. Bxe8 a6 {An attempt to prevent Be8-b5 as happened in
the game Khalifman-Tseitlin. Black is threatening 24...b5 now.} 24. a4 Qd4+ $1
{An interesting idea looking enough for a draw.} 25. Qxd4 (25. cxd4 Bxd2 26.
dxc5 (26. d7 Bxd7 $1 27. Bxd7 c4 $11) 26... bxc5 27. d7 Bxd7 $1 28. Bxd7 c4 {
[%cal Rc4c3] regaining the piece (White has no 29.Ba4 - that was the idea
behind 23...a6!) and forcing a draw thanks to the opposite-coloured bishops.})
25... cxd4 26. d7 b5 27. cxd4 (27. axb5 dxc3 28. Bxc3 Bxd7 $1 (28... Bb6+ $6
29. Kf1 axb5 30. Ke2) 29. Bxd7 (29. Bxa5 Bxe8 30. bxa6 f5 {is an easier draw
for Black.}) 29... Bxc3 30. bxa6 Bd4+ 31. Kf1 Kf8 32. Ke2 Ke7 33. Kd3 Bg1 {
and Black should not lose.}) 27... b4 (27... bxa4 28. Ba3 Bd8 29. d5 {is more
dangerous for Black.}) 28. d5 {In this endgame both sides have strong passed
pawns; however, White has an important advantage, viz an "extra" king! Black
should take all necessary measures to liberate his monarch.} Kf8 (28... Bc2 $6
29. g4 $1 {[%cal Yg4g5,Yb2f6]}) 29. Bf6 (29. d6 $5) 29... b3 30. d6 Bd8 $5 {
A nice trap but White is careful!} 31. Bb2 {If} (31. Bxd8 {then} {but} Bxd7 $1
$11 ({not} 31... b2 $2 32. Be7+ Kg8 (32... Kg7 33. Bf6+) 33. d8=Q {and the
white king escapes to h4})) 31... Be4 $6 {Black starts playing with fire
leaving his king out of play. Meanwhile, a draw was quite simple:} (31... Be6
$1 32. Kf2 f5 33. Ke3 Bf7 34. Kd4 (34. Bxf7 Kxf7 35. Kd4 Ke6 $11) 34... Bxe8
35. dxe8=Q+ Kxe8 36. Ke5 Kd7 37. h3 Bb6 $11) 32. Kf2 f5 33. Ke3 $5 {White
prevents Bd5-f7 but gives up his g2 pawn.} Bc6 (33... Bd5 34. Kd4 $1 {and} Bf7
{is too late}) (33... Bxg2 {was possible, too:} 34. Kd4 {[%cal Rd4c4,Rc4b3]}
Bc6 ({but not} 34... Be4 35. Kc4 Bc2 36. Kb4 {/\Ka3, a5, Bd4-b6} g5 37. fxg5
Bxg5 38. Bh5 Kg8 39. Be2 $18) 35. Kc4 Bxa4 36. Kb4 Bc6 37. Kxb3 {[%cal Yb2d4,
Yd4a7,Ya7b8,Yb8c7]} Bd5+ 38. Kb4 Bf7 39. Kc5 (39. Bxf7 Kxf7 40. Kc5 Ke6 41. Kc6
a5) 39... Bxe8 40. dxe8=Q+ Kxe8 41. Kc6 {/\Ba3, d7, Kb7-c8} a5 42. Ba3 a4 43.
d7+ Kf7 44. Kb7 h6 45. Kc8 Bf6 {and White can't win}) 34. Kd3 Bxa4 ({Now} 34...
Bxg2 $2 35. Kc4 {is winning for White as his a4 pawn is still alive.}) 35. Kc4
Bc6 (35... a5 36. g3 Bc6 37. Kxb3 Bd5+ $11) 36. g3 Bf3 (36... a5 $1 37. Kxb3
Bd5+ 38. Ka4 Bc6+ 39. Ka3 Bd5 $11 {[%cal Yd5f7]}) 37. Kxb3 Bd5+ (37... a5 38.
Kc4 Be2+) 38. Kb4 Bf7 $4 {Eventually succumbing to the opponent's pressure.
The endgame after the exchange of the light-squared bishops is totally lost
for Black as White protects his d7 pawn.} ({After} 38... Bf3 39. Bd4 {/\Ba7,
Kc5,Bb6} a5+ 40. Kb5 Be2+ {I don't see a win for White.}) 39. Bxf7 Kxf7 40. Kc5
Ke6 41. Kc6 a5 42. Ba3 a4 43. Bb4 h6 44. h4 h5 45. Ba3 {Black played poorly in
the endgame but the 13...Bc7 system looks to be alive!} (45. Ba3 Ba5 46. Bc5
Bd8 47. Bb4 $22 $18) 1-0

[Event "FIDE-Wch k.o."]
[Site "Las Vegas"]
[Date "1999.07.31"]
[Round "1.1"]
[White "Barua, Dibyendu"]
[Black "Khalifman, Alexander"]
[Result "1-0"]
[WhiteElo "2550"]
[BlackElo "2628"]
[Annotator "Tsesarsky,I"]
[PlyCount "119"]
[EventDate "1999.07.31"]
[EventType "k.o."]
[EventRounds "7"]
[EventCountry "USA"]
[SourceTitle "CBM 072"]
[Source "ChessBase"]
[SourceDate "1999.10.01"]
[SourceVersion "1"]
[SourceVersionDate "1999.10.01"]
[SourceQuality "1"]

{[%mdl 4096]} 1. e4 c5 2. Nf3 d6 3. d4 cxd4 4. Nxd4 Nf6 5. Nc3 Nc6 6. Be2 e5 7.
Nf3 h6 8. O-O Be7 9. Re1 O-O 10. h3 Be6 11. Bf1 Nb8 12. a4 Nbd7 13. a5 a6 14.
Nd5 Nxd5 15. exd5 Bf5 16. c4 Bg6 17. Nd2 $146 {This novelty's goal is to play
in the Queen side without b2-b4.} (17. b4 f5 (17... Kh8 18. Bb2 f5 19. c5 dxc5
20. Nxe5 (20. d6 Bf6 21. Nxe5 Nxe5 22. Bxe5 cxb4 $44) 20... Nxe5 21. Bxe5 cxb4
22. Qd2 Bf6 23. Qxb4 Qxd5 24. Rad1 Qg8 25. Rd7 $16 {1-0 Tolnai,T-Wang Zili/
Lucerne World teams ch 1989 (53)}) (17... Rc8 18. Bb2 e4 (18... Re8 19. Qb3 e4
20. Nd4 Ne5 21. f4 exf3 22. Nxf3 Nxf3+ 23. Qxf3 Bg5 24. Qf2 Qd7 25. Rxe8+ (25.
h4 Be7 26. Re2 $14 (26. Bc3 $2 Qg4 27. Qd4 Qxd4+ 28. Bxd4 Bxh4 $17 {1/2-1/2
Barua,D-Dukaczewski,P/Elista RUS 1998 (69)}) 26... Qg4 27. Rae1 $16) 25... Rxe8
26. Re1 $14) 19. Nd2 Bf6 20. Bxf6 Nxf6 21. Qb3 Re8 22. Qe3 $5 $14 (22. Rac1 Nd7
23. Qe3 f5 24. c5 dxc5 25. bxc5 Qxa5 26. Nb3 Qb4 27. c6 Ne5 28. cxb7 (28. Nc5
bxc6 29. Bxa6 $132) 28... Qxb7 29. d6 $132 {1/2-1/2 Emelin,V-Bagaturov,G/
Ashkhabad Turkmenistan 1990 (50)})) (17... e4 18. Nd2 Bf6 (18... f5 19. Nb3 Bf6
20. Nd4 Be5 21. Ne6 Qf6 22. Bf4 $2 (22. Nxf8 Rxf8 (22... Bxa1 23. Nxd7 $18) 23.
Ra3 $16) 22... Bxf4 23. Nxf4 Bf7 24. Ra2 Qc3 (24... Ne5 $132) 25. Qd2 Qxd2 26.
Rxd2 Rfc8 $132 {1/2-1/2 Belotti,B-Caposciutti,M/Forli 1992 (53)}) 19. Ra2 Re8
20. Bb2 Bxb2 21. Rxb2 Qg5 22. Rb3 f5 23. Rg3 Qf6 24. Rge3 Rac8 $132 {0-1
Fernandez Garcia,J-Hernandez,G/Bucaramanga 1992 (67)}) 18. Bb2 Bf6 19. Qb3 (19.
c5 dxc5 20. bxc5 e4 21. Bxf6 Qxf6 22. c6 bxc6 23. dxc6 Qxc6 24. Rc1 Qb7 25. Nh4
Be8 (25... Kh7 26. Nxg6 Kxg6 27. Qd6+ Rf6 28. Qe7 (28. Qg3+ Kh7 29. Rc7 Qd5 $17
) 28... Rf7 29. Qd6+ $11) 26. Bc4+ Bf7 27. Nxf5 (27. Ng6 Rfe8 28. Bxf7+ Kxf7
29. Qh5 Nf6 30. Qxf5 Rac8 $11) 27... Bxc4 28. Ne7+ Kh7 29. Rxc4 Nf6 $14 {
1/2-1/2 Micic,J-Wagner Michel,A/BLW 1994 (60)}) 19... Re8 20. Rac1 Rc8 21. Qa3
Bf7 22. Red1 Bh5 $11 {1/2-1/2 Sion Castro,M-Franco,Z/Leon 1988 (24)}) 17... Bf6
(17... Bg5 18. b4 Rc8 19. Bb2 f5 20. Nb3 $14) 18. Ra3 {[%csl Rb6,Rb7][%cal
Ga3b3,Gb3b7]} Re8 19. Ne4 (19. b4 $14) 19... Bxe4 (19... Nc5 20. Nxf6+ Qxf6 21.
Rae3 $16) 20. Rxe4 Bg5 21. Bxg5 (21. Re1 $5) 21... hxg5 $2 $16 (21... Qxg5 22.
Rg3 Qd8 23. Qh5 (23. Qg4 g6 24. Ree3 Nf8 25. b4 b6 26. axb6 Qxb6 27. Rb3 a5 28.
bxa5 Qxa5 29. Rb7 Reb8 $11) 23... Kf8 24. Qg4 g6 25. Qh4 (25. Ree3 Nf6 26. Qh4
Nh5 27. Qxd8 Raxd8 28. Rg4 Nf6 $11) 25... Qxh4 26. Rxh4 Kg7 $14) 22. Rg4 f5 (
22... b6 23. axb6 Qxb6 24. Ra2 f6 25. Bd3 Nc5 26. Bg6 Reb8 27. Rg3 $16 {
[%cal Gd1h5]}) 23. Rgg3 g6 24. Qd2 $1 f4 {[%csl Re4]} 25. Rgb3 $1 Rb8 (25...
Nc5 26. Rb6 Qc7 27. Be2 Nd7 28. Rb4 e4 29. Bg4 Nc5 30. Rb6 Rad8 31. Qd4 Re5 32.
b4 Nd7 33. Bxd7 Qxd7 34. Rb3 $16) 26. Be2 Kg7 (26... e4 27. Bg4 $16) 27. Bg4
Re7 (27... Nc5 $142 {Black must try not change N by B.} 28. Rb6 Qc7 29. b4 Ne4
30. Qe2 Nf6 31. Be6 e4 32. Rb3 $16) 28. Bxd7 $1 Rxd7 29. Rb6 Rc8 30. Qd3 (30.
Qe2 $16) 30... Qf6 31. Rab3 $2 $132 (31. f3 $1 Qf5 32. Qe2 Re8 33. Rab3 Ree7
34. Qe4 $16) 31... Qf7 (31... Qe7 $2 32. f3 $1 $16 (32. Rc3 e4 33. Qd4+ Kh7 34.
b4 Re8 35. Rc2 e3 36. fxe3 Qxe3+ 37. Qxe3 Rxe3 (37... fxe3 38. Re2 g4 39. b5
$14) 38. b5 axb5 39. cxb5 Ra3 40. a6 bxa6 41. bxa6 (41. Rxa6 Rd3 42. b6 Rxd5
43. Rb2 Rb7 44. Ra7 Rxa7 45. bxa7 Ra5 46. Rb7+ Kh6 47. Kf2 $11) 41... Kg7 42.
Rcc6 Kf6 43. Rxd6+ Rxd6 44. Rxd6+ Kf5 45. Rc6 Ra1+ 46. Kf2 Ra2+ 47. Kf3 Ra3+
48. Ke2 Ra2+ 49. Kd3 Rxg2 50. Rc5 Ra2 51. d6+ Ke6 52. Rxg5 Kxd6 $11)) 32. Rc3
Qf5 33. Qd1 Qe4 $2 $16 (33... e4 $1 {It is not necessary to wait for f2-f3.}
34. Qd4+ Kh7 35. b4 Re8 36. b5 axb5 37. Rxb5 f3 38. g4 Qf4 39. Re3 Kg8 40. Qb2
Rc8 41. Rxb7 Rxb7 42. Qxb7 Rxc4 43. Qb2 Qf7 $132) 34. Qg4 Qf5 (34... Qe1+ 35.
Kh2 Rcd8 36. Qxg5 Qxf2 37. c5 f3 38. Rxf3 Qxc5 39. Rf6 Qc2 40. Rfxd6 $1 Rxd6
41. Qxe5+ $18) 35. Qd1 (35. f3 Qxg4 (35... e4 36. fxe4 Qxg4 37. hxg4 Re8 38.
Rcb3 Ree7 39. Kf2 Kf6 40. c5 (40. Kf3 Ke5 41. Rc3 $16) 40... Rxe4 41. c6 $16)
36. hxg4 Re8 37. b4 e4 38. Kf2 e3+ 39. Ke2 Rh8 $132) 35... Qe4 36. b3 (36. f3
Qd4+ 37. Qxd4 exd4 38. Rc1 d3 39. b3 Re8 40. Rd1 Re3 41. Kf2 Kf6 42. c5 Ke5 43.
c6 bxc6 44. dxc6 Ra7 45. b4 Kd4 46. c7 Rxc7 47. Rxd6+ Ke5 48. Rxa6 Rc2+ 49. Kf1
Ree2 50. Re1 Rxe1+ 51. Kxe1 Rxg2 52. Rxg6 Rg1+ (52... Kd4 53. a6 Rg1+ 54. Kf2
Ra1 55. b5 d2 56. Rd6+ Kc3 57. b6 d1=Q 58. Rxd1 Rxd1 59. b7 Rd2+ 60. Ke1 Rb2
61. h4 $3 Rb1+ 62. Kf2 Rb2+ 63. Kg1 Rb1+ 64. Kg2 Rb2+ 65. Kh3 $18) 53. Kd2 Kd4
54. Rd6+ Kc4 55. Rc6+ Kxb4 56. a6 Kb5 57. Re6 $16) 36... Rcc7 (36... Qf5 37. f3
e4 38. Qd4+ $16) 37. f3 {Better late than never...} Qf5 38. Qe1 Kh6 39. Qe4 {
A little bit fast.} (39. b4 $16 {[%cal Gg1f2,Ge1e4]}) 39... Qxe4 40. fxe4 g4
41. hxg4 Kg5 42. Kf2 Kxg4 43. c5 $1 g5 (43... Rxc5 44. Rxc5 dxc5 45. Rxg6+ Kh4
46. Re6 Kg4 47. Rxe5 c4 48. bxc4 Rc7 49. d6 Rxc4 50. d7 $18) (43... dxc5 44.
Rxg6+ Kh5 45. Re6 Kg4 46. Rh3 Rg7 47. Reh6 Kg5 48. Kf3 Rg6 49. R3h5+ Kf6 50.
Rxg6+ Kxg6 51. Rxe5 $18) 44. c6 Rh7 (44... bxc6 45. dxc6 Rh7 46. Rxa6 $18) 45.
b4 $1 (45. Rh3 Rhf7 46. cxb7 (46. b4 bxc6 47. dxc6 Ra7 48. Rh6 f3 49. Rxd6
fxg2+ 50. Kxg2 Kf4 $14) 46... Rxb7 47. Rxa6 Rfd7 48. Rc6 Rb4 49. Rc4 Rxc4 50.
bxc4 Rc7 51. Ra3 Rxc4 52. a6 Rc2+ 53. Ke1 Rc8 54. a7 Ra8 55. Kf2 Kh5 $14) 45...
Rcf7 (45... bxc6 46. Rcxc6 (46. Rbxc6 Rb7 47. R3c4 Rh1 48. Rxa6 Rb1 49. Rc2
R7xb4 50. Rxd6 Rxe4 $15) 46... Rcf7 (46... Rxc6 47. dxc6 Ra7 (47... Rh1 48.
Rxa6 Rc1 49. b5 Rc2+ 50. Ke1 f3 51. gxf3+ Kxf3 52. b6 Rxc6 53. b7 Rxa6 54. b8=Q
Rxa5 55. Qb3+ Kf4 (55... Kg4 56. Qd1+ Kh4 57. Qxd6 $18) 56. Kf2 $18) 48. Rb7
Ra8 49. c7 Rc8 50. b5 axb5 51. a6 $18) 47. Rxd6 Rh1 (47... f3 48. Rf6 (48. Rxa6
fxg2+ 49. Kxg2 Rf3 50. Rf6 Rg3+ 51. Kf2 Rh2+ 52. Ke1 Rb3 $19) 48... Rxf6 49.
Rxf6 fxg2 50. Kxg2 Rb7 51. Rb6 Ra7 52. d6 Kf4 53. Rc6 Kxe4 54. Rc7 Ra8 55. d7
Rd8 56. b5 axb5 57. a6 $18) 48. Rxa6 Rb1 49. Rf6 Rh7 50. Rh6 Rb2+ 51. Kf1 Rxh6
52. Rxh6 f3 53. gxf3+ Kxf3 54. Rh3+ Kxe4 55. d6 Rxb4 56. a6 Rb8 57. a7 Rf8+ 58.
Ke2 $18) 46. Rf3 Rc7 (46... bxc6 47. dxc6 $18) 47. Rb3 bxc6 48. dxc6 Rh1 49.
Rc3 (49. Rxa6 d5 50. exd5 Rd1 51. b5 e4 52. b6 e3+ 53. Rxe3 $1 fxe3+ 54. Ke2
$18) 49... Rb1 50. Rc2 Rb3 51. b5 axb5 52. Rb7 Rc8 53. c7 f3 54. gxf3+ Rxf3+
55. Ke2 Rh3 (55... Kg3 56. a6 (56. Rb8 Rf2+ 57. Kd3 Rf3+ 58. Kd2 Rf2+ 59. Ke1 (
59. Kc1 Rxc2+ 60. Kxc2 Rxc7+ $17) 59... Rxc2 60. Rxc8 Rc6 61. a6 $18) 56...
Rf2+ 57. Kd3 Rf3+ 58. Kd2 Rf2+ 59. Kc1 g4 60. a7 $16) 56. a6 b4 (56... Rh2+ 57.
Kd3 Rh3+ 58. Kd2 Rh2+ 59. Kc1 $18) 57. Rb8 Rh2+ 58. Kf1 Rh1+ (58... Rxc2 59.
Rxc8 b3 60. a7 b2 61. Rb8 Rxc7 62. a8=Q Rc1+ 63. Ke2 b1=Q 64. Rxb1 Rxb1 65. Qa3
$18) 59. Kg2 b3 60. Rc3 1-0

[Event "FIDE-Wch k.o."]
[Site "Las Vegas"]
[Date "1999.08.06"]
[Round "3.1"]
[White "Khalifman, Alexander"]
[Black "Asrian, Karen"]
[Result "1/2-1/2"]
[WhiteElo "2628"]
[BlackElo "2575"]
[Annotator "Donev,I"]
[PlyCount "54"]
[EventDate "1999.07.31"]
[EventType "k.o."]
[EventRounds "7"]
[EventCountry "USA"]
[SourceTitle "CBM 072"]
[Source "ChessBase"]
[SourceDate "1999.10.01"]
[SourceVersion "1"]
[SourceVersionDate "1999.10.01"]
[SourceQuality "1"]

1. d4 d5 2. c4 e6 3. Nc3 Nf6 4. Nf3 Be7 5. Bg5 h6 6. Bh4 O-O 7. e3 b6 8. Bd3
Bb7 9. O-O Nbd7 10. Bg3 c5 ({Für die Leser die weniger Theorie lernen möchten,
empfehle ich folgende sehr interessante Variante: Die Idee ist einfach. Der
Nachziehende will den starken Läufer g3 neutralisieren und gleichzeitig das
Feld e7 für die schwarze Dame räumen, wo sie sehr gut stehen würde.} 10... Bd6
$1 11. Bxd6 (11. cxd5 Nxd5 $11) (11. Rc1 Bxg3 12. hxg3 c5 $11) 11... cxd6 12.
cxd5 Nxd5 {Selbstverständlich will Schwarz auf keinen Fall die große Diagonale
mit Bauern zumachen.} 13. Nxd5 Bxd5 14. e4 (14. Qe2 Rc8 $11) 14... Bb7 15. Rc1
Rc8 $11) 11. cxd5 (11. Qe2 Ne4 12. cxd5 exd5 13. Rad1 Nxg3 (13... Ndf6 $5) (
13... Nxc3 $5) 14. hxg3 Qc7 15. Bc2 Rad8 $6 (15... Nf6 $5 $13 16. dxc5) 16.
dxc5 Nxc5 17. Nd4 $16 {Vyzmanavin,A-Geller,E/Sochi/1989/1:0 (38)/}) 11... Nxd5
(11... exd5 $6 12. Ne5 $14) 12. Rc1 (12. e4 Nb4 13. Be2 cxd4 14. Nxd4 Nc5 $10)
(12. Nxd5 Bxd5 13. e4 Bb7 $10) 12... cxd4 13. Nxd5 (13. exd4 $6 Rc8 (13... N7f6
$5) 14. Bb1 N7f6 15. Be5 Nxc3 $1 16. Rxc3 {0-1 Yermolinsky,A-Beliavsky,A/
Groningen 1993/CBM 39/[Kharitonov] (32)} (16. bxc3 Qd5 17. Qd3 Qc4 18. Qc2 Be4
$17)) (13. Nxd4 $5 $10) 13... Bxd5 14. e4 Bb7 15. Bc7 Qe8 16. Nxd4 Nc5 $146 (
16... Rc8 {1/2-1/2 Atalik,S-Beliavsky,A/Ulcinj 1998/EXT 99 (31)}) 17. Bb5 Qc8
18. Be5 {Weiß will die ungünstige Lage der schwarzen Dame ausnützen. Jetzt
droht einfach b2-b4.} a6 19. Qg4 $1 Bg5 (19... f6 20. Bc4 $1 fxe5 21. Bxe6+ $18
) 20. f4 $1 f5 ({Falls der Nachziehende den Läufer b5 nimmt, bekommt der
Anziehende auf taktische Weise einen großen Vorteil:} 20... axb5 $6 21. fxg5 h5
22. Qxh5 Bxe4 23. Rf4 $1 {[%cal Yf4e4,Yf4h4]} (23. b4 Rxa2 $1) 23... Bg6 24.
Qh3 $40 {[%cal Yb2b4,Ye5g7,Yf4h4] Der weiße Angriff ist kaum zu neutralisieren.
}) 21. exf5 (21. Qg3 axb5 (21... Bf6 22. Nxe6 $1 Rf7 23. Nxc5 $18) (21... Nxe4
22. Rxc8 Nxg3 23. Rxf8+ Rxf8 24. hxg3 axb5 25. fxg5 $18) 22. fxg5) 21... exf5
22. Bc4+ Kh8 23. Qh3 (23. Qh5) 23... Bf6 24. b4 b5 25. Be2 Bxe5 26. fxe5 Qd8
27. Nxf5 Ne4 $16 1/2-1/2

[Event "FIDE-Wch k.o."]
[Site "Las Vegas"]
[Date "1999.08.10"]
[Round "4.2"]
[White "Gelfand, Boris"]
[Black "Khalifman, Alexander"]
[Result "1/2-1/2"]
[WhiteElo "2713"]
[BlackElo "2628"]
[Annotator "Huebner,R"]
[PlyCount "47"]
[EventDate "1999.07.31"]
[EventType "k.o."]
[EventRounds "7"]
[EventCountry "USA"]
[SourceTitle "CBM 072"]
[Source "ChessBase"]
[SourceDate "1999.10.01"]
[SourceVersion "1"]
[SourceVersionDate "1999.10.01"]
[SourceQuality "1"]

1. d4 Nf6 2. Nf3 d5 3. c4 c6 4. Nc3 dxc4 5. a4 Bf5 6. e3 e6 7. Bxc4 Bb4 8. O-O
O-O 9. Nh4 Nbd7 10. f3 Bg6 11. e4 e5 12. Nxg6 hxg6 13. Na2 (13. Be3 Qa5 14. Qb3
exd4 15. Bxd4 Bc5 $15 {1/2-1/2 Bareev,E-Tukmakov,V/Sochi 1987/TD (30)}) 13...
Ba5 14. dxe5 Nxe5 15. Be2 Qe7 16. Qc2 Ned7 17. Kh1 Rfe8 18. Nc3 Qc5 19. Qb3 a6
20. Bd2 Rad8 21. Rad1 Ne5 22. Be1 Rxd1 23. Qxd1 Rd8 24. Qb3 1/2-1/2